000
00322nam a2200121Ia 4500
008
240624s9999 xx 000 0 und d
041
_a
eng
082
_a
615.1054 CHA
100
_a
CHAGANTI SUBBA RAO
245
_a
PHARMACEUTICAL MARKETING IN INDIA
260
_c
2008
_a
New Delhi
_b
Excel Book
300
_a
408 : p. : cm. ; 28
999
_c
21024
_d
21024